Guía de los Archivos Históricos Provinciales de Extremadura / [textos: María Luz García García, Montaña Paredes Pérez] María Luz García García, Montaña Paredes Pérez]
ISBN:
84-7671-920-5
Descripción Física:
404 p. : il. col. ; 24 cm
Otros Autores:
Paredes Pérez, Montaña
MARC
| LEADER | 00000nam a2200000Ia 4500 | ||
|---|---|---|---|
| 001 | 18798 | ||
| 008 | 160829s2006 xx 000 0 cat d | ||
| 020 | |a 84-7671-920-5 | ||
| 080 | |a A-2-281 | ||
| 100 | |a García García, María Luz |9 44066 | ||
| 245 | |a Guía de los Archivos Históricos Provinciales de Extremadura / [textos: |b María Luz García García, Montaña Paredes Pérez] | ||
| 260 | |a [Cáceres] : |b Junta de Extremadura. Consejería de Cultura, |c 2006 | ||
| 300 | |a 404 p. : |b il. col. ; |c 24 cm | ||
| 650 | |a Arxius |x Extremadura |x Guies |9 44067 | ||
| 650 | |a Archivo Hitórico Provincial de Badajoz |x Guies |9 44068 | ||
| 650 | |a Archivo Histórico Provincial de Cáceres |x Guies |9 44069 | ||
| 700 | |a Paredes Pérez, Montaña |9 44070 | ||
| 710 | 1 | |a Extremadura. |b Consejería de Cultura |9 54127 | |
| 901 | |a Arxiu | ||
| 942 | |n 1 | ||
| 952 | |0 0 |1 0 |4 0 |6 A2281 |7 1 |9 51779 |a Arxiu |b Arxiu |d 2016-12-01 |l 0 |o A-2-281 |p 18798 |r 2016-12-01 00:00:00 |w 2016-12-01 |y ARXIU | ||
| 999 | |c 55625 |d 55625 | ||